Przedsiebiorstwa i instytucje w warunkach zmieniajacego sie otoczenia
Gespeichert in:
| Format: | Buch |
|---|---|
| Sprache: | Polnisch Englisch |
| Veröffentlicht: |
Wroclaw
Oficyna Wydawnicza Politechniki Wroclawskiej
2006
|
| Schriftenreihe: | Prace naukowe Instytutu Organizacji i Zarzadzania Politechniki Wrocławskiej
|
| Schlagworte: | |
| Tags: |
Keine Tags, Fügen Sie das erste Tag hinzu!
|
MARC
| LEADER | 00000nam a2200000 4500 | ||
|---|---|---|---|
| 001 | 0151226 | ||
| 005 | 20240419074852.0 | ||
| 041 | 0 | |a pol | |
| 041 | 0 | |a eng | |
| 044 | |a PL | ||
| 245 | 1 | 0 | |a Przedsiebiorstwa i instytucje w warunkach zmieniajacego sie otoczenia |
| 264 | 1 | |a Wroclaw |b Oficyna Wydawnicza Politechniki Wroclawskiej |c 2006 | |
| 300 | |a 232 s. | ||
| 490 | 1 | |a Prace naukowe Instytutu Organizacji i Zarzadzania Politechniki Wrocławskiej | |
| 830 | 0 | |a Prace naukowe Instytutu Organizacji i Zarzadzania Politechniki Wrocławskiej | |
| 610 | 2 | 0 | |a transformácia |
| 610 | 2 | 0 | |a transformácia podniku |
| 610 | 2 | 0 | |a hospodárstvo národné |
| 610 | 2 | 0 | |a rozvoj hospodársky |
| 610 | 2 | 0 | |a politika hospodárska |
| 610 | 2 | 0 | |a penzie |
| 610 | 2 | 0 | |a bezpečnosť výrobkov |
| 610 | 2 | 0 | |a Poľsko |